• 首页
  • 本馆介绍
  • 公告通知
  • 最新文献
  • 馆藏检索
  • 电子资源
  • 读者导购
  • 参考咨询
  • 我的图书馆
  • 登录
  • 详细信息显示
  • 放入我的书架
  • 预约/预借图书
  • 作者相关作品
  • 分类相关作品
  • 丛书相关作品
  • 出版社相关作品

书目信息

  • 表格格式
  • 工作单格式
  • 卡片格式
题名:
金刚经·坛经
    
 
作者: 鸠摩罗什 译
分册:  
出版信息: 长春   吉林摄影出版社  2003
页数: 220页
开本: 19cm
丛书名: 中国传统文化经典文库
单 册:
中图分类: B942.1 , Z1
科图分类:
主题词: 佛经 , 丛书
电子资源:
ISBN: 7-80606-671-3
000 00885oam2 2200289 450
001 1537637606
005 20151110115427.31
010    @a7-80606-671-3@dCNY10.00
100    @a20031112d2003 em y0chiy50 ea
101 0  @achi
102    @aCN@b220000
105    @aa z 000yy
200 1  @a金刚经·坛经@Ajin gang jing·tan jing@c坛经@e珍藏版@f(后秦)鸠摩罗什译@f(唐)慧能述
210    @a长春@c吉林摄影出版社@d2003
215    @a220页@c插图@d19cm
225 2  @a中国传统文化经典文库@e双色图文经典
308    @a丛书第三辑
330    @a该书包括《金刚经》和《坛经》两大部分。书中对两部分的文章均配了译文。
461  0 @12001 @a中国传统文化经典文库
605    @a《金刚经》@x译文
606 0  @a佛经
606 0  @a丛书
690    @aB942.1@v5
690    @aZ1@v4
701  0 @c(晋释)@a鸠摩罗什@Ajiu mo luo shen@f(344~413)@4译
801  0 @aCN@bTSSF@c20150123
905    @aZUCC@dZ1@eJY69
    
    金刚经·坛经.坛经:珍藏版/(后秦)鸠摩罗什译/(唐)慧能述.-长春:吉林摄影出版社,2003
    220页:插图;19cm.-(中国传统文化经典文库:双色图文经典)
    
    
    ISBN 7-80606-671-3:CNY10.00
    该书包括《金刚经》和《坛经》两大部分。书中对两部分的文章均配了译文。
●
相关链接 在E读中查询图书 在五车中查询图书 在当当中查询图书 在豆瓣中查询图书


正题名:金刚经·坛经     索取号:Z1/JY69         预约/预借

序号 登录号 条形码 馆藏地/架位号 状态 备注
1 7840664   278406645   学院路分馆/ [索取号:Z1/JY69] 在馆    
2 7852208   278522083   学院路分馆/ [索取号:Z1/JY69] 在馆    
3 7852209   278522092   学院路分馆/ [索取号:Z1/JY69] 在馆    
4 7852210   278522109   学院路分馆/ [索取号:Z1/JY69] 在馆    
唐山师范学院图书馆 欢迎您!
大连网信软件有限公司© 版权所有